Torschützenkönige in der Geschichte des Hamburger SV - Statistiken

Allgemein
  • Dieses Quiz wurde 61 mal gespielt
  • Das Durchschnittsergebnis liegt bei 3 aus 11
Antwortstatistiken
Tore Nationalität Spieler % Korrekt
196 Deutschland Uwe Seeler
100%
134 Deutschland Horst Hrubesch
75%
101 Deutschland Manfred Kaltz
43%
125 Deutschland Thomas von Heesen
27%
140 Deutschland Gert Dörfel
25%
135 Deutschland Klaus Stürmer
4%
81 Deutschland Franz-Josef Hönig
4%
81 Deutschland Edmund Adamkiewicz
0%
84 Deutschland Günter Schlegel
0%
156 Deutschland Herbert Wojtkowiak
0%
89 Deutschland Werner Harden
0%
Keine übereinstimmenden Quizze gefunden
Verteilung der Resultate
Anzahl Personen mit jedem Resultat
Perzentil nach korrekt beantworteten Fragen
Ihre Resultats-Entwicklung
Sie haben dieses Quiz noch nicht gespielt